Ecología y Evolución en los Trópicos / (Registro nro. 7306)
[ vista simple ]
| 000 -CABECERA | |
|---|---|
| Campo de control | 00845nam a22002537a 4500 |
| 005 - FECHA Y HORA DE LA ULTIMA TRANSACCION | |
| Campo de control | 20180227141312.0 |
| 008 - ELEMENTOS DE LONGITUD FIJA—INFORMACION GENERAL | |
| Campo de control | 130611b20062006pn ||||| |||| 00| 0 spa d |
| 020 ## - ISBN | |
| ISBN | 109962651123 |
| 040 ## - FUENTE DE CATALOGACIÓN | |
| Agencia catalogadora original | IAVH |
| Agencia transcriptora | IAVH |
| 041 ## - IDIOMA | |
| Código de idioma para texto/pista de sonido o título separado | Español |
| 082 ## - NUMERO DE CLASIFICACION DECIMAL DEWEY | |
| Número de clasificación | 574.5 |
| Número del ítem | L528e |
| 100 1# - ASIENTO PRINCIPAL--NOMBRE PERSONAL | |
| Nombre personal | Gómez, Nélida E. |
| Fechas asociadas con el nombre | autora |
| 9 (RLIN) | 89950 |
| 245 10 - MENCION DE TITULO | |
| Título | Ecología y Evolución en los Trópicos / |
| Mención de responsabilidad | Editado por Egber Leigh Jr. |
| 260 ## - PUBLICACION, DISTRIBUCION, ETC. (PIE DE IMPRENTA) | |
| Lugar de publicación, distribución, etc. | Panamá: |
| Nombre del editor, distribuidor, etc. | Editora Novo Art, |
| Fecha de publicación, distribución, etc. | 2006. |
| 300 ## - DESCRIPCION FISICA | |
| Extensión | 654 p. |
| Dimensiones | 27 cm. |
| 504 ## - NOTA DE BIBLIOGRAFIA, ETC. | |
| Nota de bibliografía | Incluye referencias bibliográficas e índice |
| 650 #0 - ASIENTO SECUNDARIO DE MATERIA - TERMINO TEMATICO | |
| Término temático o nombre geográfico como elemento de entrada | Ecología |
| Subdivisión general | Trópicos |
| 9 (RLIN) | 89951 |
| 700 1# - ASIENTO SECUNDARIO - NOMBRE PERSONAL | |
| Nombre personal | Leigh, Egbert |
| Fechas asociadas con el nombre | Editor |
| 9 (RLIN) | 89952 |
| 700 1# - ASIENTO SECUNDARIO - NOMBRE PERSONAL | |
| Nombre personal | Herre, E. allen |
| Fechas asociadas con el nombre | Editor |
| 9 (RLIN) | 89953 |
| 700 1# - ASIENTO SECUNDARIO - NOMBRE PERSONAL | |
| Nombre personal | Jackson, Jeremy |
| Fechas asociadas con el nombre | Editor |
| 9 (RLIN) | 89954 |
| 700 1# - ASIENTO SECUNDARIO - NOMBRE PERSONAL | |
| Nombre personal | Santos-Granero, Jeremy |
| Fechas asociadas con el nombre | Editor |
| 9 (RLIN) | 89955 |
| 700 1# - ASIENTO SECUNDARIO - NOMBRE PERSONAL | |
| Nombre personal | Londoño Hobreker, Olga |
| Fechas asociadas con el nombre | Traductora |
| 9 (RLIN) | 89956 |
| 942 ## - ELEMENTOS ADICIONALES (KOHA) | |
| Sistema de clasificación | Dewey Decimal Classification |
| Tipo de ítem | Libro |
| Withdrawn status | Lost status | Sistema de Clasificación | Damaged status | No para préstamo | Colección | Inventariado | Ubicación Permanente | Ubicación actual | Fecha de adquisición | Fuente de Valor | Total Checkouts | Número topográfico | Inventario / Código de Barras | Date last seen | Date checked out | Ejemplar | Price effective from | Tipo de material | Forma de adquisición |
|---|---|---|---|---|---|---|---|---|---|---|---|---|---|---|---|---|---|---|---|
| Dewey Decimal Classification | General | Inventariado 2017 | Bogotá | Bogotá | 11/06/2013 | Amazon | 2 | LB-574.5 L528e | 028380 | 18/06/2013 | 18/06/2013 | Ej. 1 | 11/06/2013 | Libro | |||||
| Dewey Decimal Classification | General | Inventariado 2017 | Sala Fabio Quevedo | Sala Fabio Quevedo | 11/06/2013 | LB-574.5 L528e | 030217 | 17/11/2018 | Ej. 2 | 17/11/2018 | Libro | Donación |